[Event "CAN op"]
[Site "Calgary CAN"]
[Date "2023.07.23"]
[Round "2.3"]
[White "Nyzhnyk, Iliya"]
[Black "Henry, Liam"]
[Result "1-0"]
[WhiteElo "2642"]
[BlackElo "2172"]
[PlyCount "99"]
[EventDate "2023.07.22"]
[EventType "swiss"]
[EventRounds "10"]
[EventCountry "CAN"]

1. d4 Nf6 2. c4 g6 3. g3 Bg7 4. Bg2 O-O 5. Nf3 d6 6. O-O c6 7. Nc3 Bf5 8. Re1
Ne4 9. Qb3 Qb6 10. Nh4 Qxb3 11. axb3 Nxc3 12. Nxf5 gxf5 13. bxc3 e6 14. Bf4 d5
15. e3 Nd7 16. Bd6 Rfd8 17. cxd5 cxd5 18. c4 Nf6 19. Be7 Rd7 20. Bxf6 Bxf6 21.
cxd5 a6 22. dxe6 fxe6 23. Rec1 Kf7 24. f4 Be7 25. Kf2 a5 26. Bf1 Bd6 27. h3 h5
28. Be2 Kg6 29. Bf3 Rc7 30. Rxc7 Bxc7 31. Rc1 Bd6 32. Bxb7 Rb8 33. Rc6 Rxb7 34.
Rxd6 Rxb3 35. d5 Kf7 36. dxe6+ Kf6 37. Rd5 a4 38. e7 Kxe7 39. Rxf5 h4 40. gxh4
a3 41. Ra5 Kf6 42. h5 Rb2+ 43. Kf3 a2 44. Ra6+ Kg7 45. e4 Rh2 46. Kg4 Rg2+ 47.
Kf5 Rb2 48. e5 Kh7 49. e6 Re2 50. Kf6 1-0

[Event "CAN op"]
[Site "Calgary CAN"]
[Date "2023.07.23"]
[Round "2.4"]
[White "Nguyen, Kim"]
[Black "Gupta, Abhijeet"]
[Result "0-1"]
[WhiteElo "2145"]
[BlackElo "2629"]
[PlyCount "76"]
[EventDate "2023.07.22"]
[EventType "swiss"]
[EventRounds "10"]
[EventCountry "CAN"]

1. e4 c5 2. Nf3 d6 3. d4 cxd4 4. Nxd4 Nf6 5. Nc3 a6 6. h4 Nc6 7. Be2 e5 8. Nb3
Be6 9. Bg5 Be7 10. g3 Rc8 11. O-O O-O 12. Bf3 Bc4 13. Re1 b5 14. Qd2 b4 15. Nd5
a5 16. Be3 Nxd5 17. exd5 Nb8 18. a3 a4 19. Nc1 f5 20. axb4 f4 21. gxf4 Bxh4 22.
Bg4 Nd7 23. b3 axb3 24. cxb3 Bb5 25. Be6+ Kh8 26. f5 e4 27. Ne2 Ne5 28. Nd4 Bd3
29. Rec1 Rxc1+ 30. Rxc1 Qf6 31. Kh1 Ng4 32. Rg1 h5 33. f3 Bg3 34. Bg5 Qxd4 35.
fxg4 e3 36. Bxe3 Be4+ 37. Rg2 Qxd2 38. Bxd2 Ra8 0-1

[Event "CAN op"]
[Site "Calgary CAN"]
[Date "2023.07.23"]
[Round "2.5"]
[White "Mikhalevski, Victor"]
[Black "Boehmer, Kris"]
[Result "1-0"]
[WhiteElo "2599"]
[BlackElo "2142"]
[PlyCount "67"]
[EventDate "2023.07.22"]
[EventType "swiss"]
[EventRounds "10"]
[EventCountry "CAN"]

1. Nf3 d5 2. g3 Bg4 3. Bg2 Nd7 4. h3 Bh5 5. O-O c6 6. d4 Ngf6 7. c4 e6 8. Qb3
Qb6 9. Nc3 Be7 10. Nh4 O-O 11. g4 Bg6 12. g5 Nh5 13. Nxg6 hxg6 14. e4 dxc4 15.
Qxc4 e5 16. Ne2 exd4 17. Qxd4 Qd8 18. h4 Bc5 19. Qc3 Qe7 20. Kh1 Qe6 21. Nf4
Qg4 22. Bh3 Qxh4 23. Ng2 Qxe4 24. Bxd7 Bd6 25. Re1 Qd5 26. Qb3 Qxb3 27. axb3
Rfd8 28. Bg4 Bb4 29. Re4 a5 30. Be3 f5 31. gxf6 Nxf6 32. Be6+ Kf8 33. Rh4 Ke7
34. Bc4 1-0

[Event "CAN op"]
[Site "Calgary CAN"]
[Date "2023.07.23"]
[Round "2.6"]
[White "Aljo, Johan"]
[Black "Komarov, Dimittri"]
[Result "0-1"]
[WhiteElo "2124"]
[BlackElo "2524"]
[PlyCount "50"]
[EventDate "2023.07.22"]
[EventType "swiss"]
[EventRounds "10"]
[EventCountry "CAN"]

1. d4 d5 2. c4 c6 3. Nc3 Nf6 4. e3 e6 5. Nf3 Nbd7 6. Be2 Bd6 7. O-O O-O 8. b3
Ne4 9. Bb2 f5 10. Rc1 Qf6 11. Qc2 g5 12. g3 Qg7 13. Nxe4 fxe4 14. Nd2 g4 15.
Qd1 Nf6 16. c5 Bc7 17. b4 Bd7 18. Kg2 Rf7 19. Nb3 h5 20. Na5 Rb8 21. Rh1 Nh7
22. Qc2 Ng5 23. Rcf1 Nh3 24. Bc3 Qf6 25. Qd1 Qxf2+ 0-1

[Event "CAN op"]
[Site "Calgary CAN"]
[Date "2023.08.23"]
[Round "2.7"]
[White "Banerjee, Bitan"]
[Black "Perelman, Leon"]
[Result "1-0"]
[WhiteElo "2495"]
[BlackElo "2129"]
[PlyCount "79"]
[EventDate "2023.07.22"]
[EventType "swiss"]
[EventRounds "10"]
[EventCountry "CAN"]

1. c4 e6 2. Nc3 d5 3. d4 c6 4. Nf3 dxc4 5. g3 b5 6. Bg2 Bb7 7. O-O Nd7 8. Qc2
Ngf6 9. e4 Qb6 10. Rd1 Bb4 11. Bf4 h6 12. a3 Be7 13. a4 g5 14. a5 Qd8 15. a6
Bxa6 16. Rxa6 gxf4 17. d5 Nb8 18. dxe6 Qc7 19. exf7+ Kxf7 20. Raa1 Nbd7 21. e5
Nxe5 22. Nxe5+ Qxe5 23. Bxc6 fxg3 24. hxg3 Bc5 25. Kg2 Rac8 26. Bxb5 Bb6 27.
Ra4 Kg7 28. Bxc4 Rhf8 29. Ba2 h5 30. Rf4 Rc7 31. Bb1 Qg5 32. Rf5 Qg6 33. Qd2
Ne4 34. Rxf8 Nxd2 35. Bxg6 Kxf8 36. Rxd2 h4 37. gxh4 Ba5 38. Kg3 Bxc3 39. bxc3
Rxc3+ 40. Kg4 1-0

[Event "CAN op"]
[Site "Calgary CAN"]
[Date "2023.07.23"]
[Round "2.10"]
[White "Wu, Jonathan"]
[Black "Dorrance, Adam"]
[Result "0-1"]
[WhiteElo "2075"]
[BlackElo "2401"]
[PlyCount "46"]
[EventDate "2023.07.22"]
[EventType "swiss"]
[EventRounds "10"]
[EventCountry "CAN"]

1. e4 e6 2. d4 d5 3. Nc3 Nf6 4. e5 Nfd7 5. Nce2 c5 6. c3 Nc6 7. f4 Qb6 8. Nf3
f6 9. g3 cxd4 10. cxd4 Bb4+ 11. Bd2 fxe5 12. fxe5 O-O 13. Bg2 Ndxe5 14. O-O
Nxf3+ 15. Bxf3 Nxd4 16. Be3 Nxe2+ 17. Qxe2 Bc5 18. Bxc5 Qxc5+ 19. Kh1 Bd7 20.
Bg4 Qd6 21. Rfe1 Rae8 22. Rac1 Rf6 23. Qe5 Rf1+ 0-1

[Event "CAN op"]
[Site "Calgary CAN"]
[Date "2023.07.23"]
[Round "2.12"]
[White "Singh Dhaliwal, Jaipreet"]
[Black "Ng, Gary"]
[Result "0-1"]
[WhiteElo "2028"]
[BlackElo "2349"]
[PlyCount "136"]
[EventDate "2023.07.22"]
[EventType "swiss"]
[EventRounds "10"]
[EventCountry "CAN"]

1. e4 c5 2. Nf3 a6 3. d4 cxd4 4. Nxd4 Nf6 5. Nc3 e5 6. Nb3 Bb4 7. f3 O-O 8. Bd2
Nc6 9. Bc4 b5 10. Bd5 Rb8 11. a3 Bxc3 12. Bxc3 Qc7 13. Qd2 d6 14. Rd1 Ne7 15.
Na5 Nfxd5 16. exd5 Bf5 17. O-O Rbc8 18. Nc6 Nxc6 19. dxc6 Qb6+ 20. Kh1 Rxc6 21.
f4 Be4 22. Rde1 f5 23. Re2 exf4 24. Qxf4 d5 25. Qe5 Rg6 26. Rff2 Qc6 27. h3 Re8
28. Qf4 Qc4 29. Kh2 d4 30. Bb4 h6 31. Rd2 Rge6 32. Rfe2 Kh7 33. Qf2 Rd8 34. Qf4
g5 35. Qf2 Qc7+ 36. Kg1 Qe5 37. Ba5 Rd7 38. Bc3 Red6 39. Bb4 Rd5 40. Ba5 Qd6
41. Bb4 Qc7 42. a4 a5 43. Bf8 Qd8 44. c4 bxc4 45. Ba3 Qe8 46. Re1 Qg6 47. Red1
Qc6 48. Qf1 Rc7 49. Qf2 Qb6 50. h4 Qf6 51. Qf1 d3 52. Kh1 gxh4 53. Qf4 Qe5 54.
Qxh4 Rdd7 55. Bf8 Qe6 56. Re1 Rf7 57. Ba3 Rg7 58. Rf1 Qc6 59. Rff2 Rg4 60. Qh2
Rcg7 61. Bf8 Rg8 62. Be7 Qxa4 63. Qc7 R8g7 64. Qd8 Qc6 65. Bf6 Bxg2+ 66. Kh2
Be4 67. Be5 Qg6 68. Bxg7 Qh5+ 0-1

[Event "CAN op"]
[Site "Calgary CAN"]
[Date "2023.07.23"]
[Round "2.15"]
[White "Mok, Gillian"]
[Black "Reprintsev, Alexander"]
[Result "0-1"]
[WhiteElo "1999"]
[BlackElo "2320"]
[PlyCount "80"]
[EventDate "2023.07.22"]
[EventType "swiss"]
[EventRounds "10"]
[EventCountry "CAN"]

1. e4 e5 2. Nf3 Nc6 3. Nc3 Nf6 4. Bb5 Bc5 5. O-O O-O 6. d3 d6 7. Bxc6 bxc6 8.
h3 h6 9. Ne2 Re8 10. Ng3 d5 11. Re1 Bd6 12. Bd2 Nd7 13. a3 Rb8 14. Qc1 Bf8 15.
Nh2 Nf6 16. Qd1 dxe4 17. Nxe4 Nxe4 18. Rxe4 f5 19. Ra4 Rxb2 20. Rxa7 Bc5 21.
Ra4 Rb5 22. Nf1 Bd4 23. Rb1 Be6 24. c4 Rb6 25. Be3 c5 26. Bxd4 cxd4 27. Rab4
Ra6 28. Qb3 e4 29. Re1 Bf7 30. Ng3 e3 31. fxe3 Qh4 32. Rf1 Qxg3 33. Rb8 Rg6 34.
Rxe8+ Bxe8 35. Qb7 Bc6 36. Qc8+ Kh7 37. Rf2 dxe3 38. Re2 Bxg2 39. Qxf5 Bf3+ 40.
Kf1 Qg1# 0-1

[Event "CAN op"]
[Site "Calgary CAN"]
[Date "2023.07.23"]
[Round "2.17"]
[White "Khodjimatov, Sherzod"]
[Black "Li, Adam"]
[Result "1-0"]
[WhiteElo "2304"]
[BlackElo "1988"]
[PlyCount "87"]
[EventDate "2023.07.22"]
[EventType "swiss"]
[EventRounds "10"]
[EventCountry "CAN"]

1. e4 e5 2. Nf3 Nc6 3. Bb5 Bc5 4. b4 Bb6 5. Bb2 Nd4 6. Bxd4 Bxd4 7. c3 Bb6 8.
Nxe5 Qg5 9. d4 Qxg2 10. Qf3 Qxf3 11. Nxf3 c6 12. Bc4 Nf6 13. e5 Nh5 14. Nbd2 f5
15. O-O-O a5 16. Bb3 Bc7 17. Nc4 axb4 18. cxb4 g6 19. Rhe1 b6 20. Nd6+ Ke7 21.
d5 Ba6 22. dxc6 dxc6 23. Nd4 Nf4 24. Nxc6+ Kd7 25. Re3 Ne2+ 26. Kb2 Kxc6 27.
Bd5+ Kd7 28. b5 Nf4 29. Bxa8 Rxa8 30. bxa6 Bxd6 31. Rxd6+ Ke7 32. Rxb6 Nd5 33.
Rb7+ Ke6 34. Ra3 Kxe5 35. a7 Nf4 36. Rb8 Nd3+ 37. Kc3 Rxa7 38. Rxa7 Nxf2 39.
Rxh7 f4 40. Rf7 Ne4+ 41. Kc2 Kd4 42. Rxf4 g5 43. Rb4+ Ke3 44. Rbxe4# 1-0

[Event "CAN op"]
[Site "Calgary CAN"]
[Date "2023.07.23"]
[Round "2.18"]
[White "Wang, Andy"]
[Black "Doknjas, Neil"]
[Result "0-1"]
[WhiteElo "1960"]
[BlackElo "2297"]
[PlyCount "88"]
[EventDate "2023.07.22"]
[EventType "swiss"]
[EventRounds "10"]
[EventCountry "CAN"]

1. e4 c5 2. Nf3 e6 3. d4 cxd4 4. Nxd4 a6 5. Nc3 b5 6. a3 Bb7 7. Be2 Nc6 8. Be3
Qc7 9. O-O Nf6 10. f4 Bc5 11. Qd3 b4 12. e5 bxc3 13. exf6 cxb2 14. Rad1 gxf6
15. Nf5 Ne7 16. Kh1 Rg8 17. Ng3 Bxe3 18. Qxe3 Qxc2 19. Qd4 Bxg2+ 20. Kxg2 Qxe2+
21. Rf2 Qb5 22. Rxb2 Qd5+ 23. Qxd5 Nxd5 24. Kf3 Rc8 25. Ne4 Ke7 26. Rd3 f5 27.
Ng3 Rc5 28. Re2 Kd6 29. Rb2 Rgc8 30. Ne2 Rc2 31. Rb6+ R8c6 32. Rb8 Kc7 33. Rh8
Rxe2 34. Kxe2 Nxf4+ 35. Ke3 Nxd3 36. Kxd3 e5 37. Rxh7 e4+ 38. Ke3 Rc3+ 39. Ke2
Rxa3 40. Rxf7 Rf3 41. h4 Kd6 42. Rf6+ Ke5 43. Rxa6 Rh3 44. Ra5+ d5 0-1

[Event "CAN op"]
[Site "Calgary CAN"]
[Date "2023.07.23"]
[Round "2.19"]
[White "Soberov, Emil"]
[Black "Bulga, Tamir"]
[Result "1-0"]
[WhiteElo "2280"]
[BlackElo "1961"]
[PlyCount "41"]
[EventDate "2023.07.22"]
[EventType "swiss"]
[EventRounds "10"]
[EventCountry "CAN"]

1. e4 c5 2. Nc3 e6 3. f4 Nf6 4. e5 Nd5 5. Nxd5 exd5 6. Nf3 Be7 7. d4 d6 8. c3
Nc6 9. Be3 Bg4 10. Be2 h5 11. O-O Qd7 12. exd6 cxd4 13. Bxd4 Qxd6 14. Ne5 Nxd4
15. cxd4 Bf5 16. Qb3 O-O 17. Bxh5 g6 18. Bg4 Be4 19. Bf3 a5 20. Bxe4 dxe4 21.
Rad1 1-0

[Event "CAN op"]
[Site "Calgary CAN"]
[Date "2023.07.23"]
[Round "2.21"]
[White "Song, Ethan"]
[Black "Douglas, Richard"]
[Result "1-0"]
[WhiteElo "2255"]
[BlackElo "1950"]
[PlyCount "75"]
[EventDate "2023.07.22"]
[EventType "swiss"]
[EventRounds "10"]
[EventCountry "CAN"]

1. e4 Nf6 2. e5 Nd5 3. d4 d6 4. c4 Nb6 5. exd6 exd6 6. Nf3 Bg4 7. Be2 Be7 8.
O-O O-O 9. Nc3 Nc6 10. b3 a5 11. Be3 f5 12. h3 Bh5 13. Qd2 Bf6 14. Rad1 Bxf3
15. Bxf3 g5 16. Bxc6 bxc6 17. f4 g4 18. hxg4 fxg4 19. f5 Nd7 20. Bh6 Bg7 21.
Bxg7 Kxg7 22. Qf4 Qh4 23. Ne4 h6 24. Rd3 Rae8 25. Rh3 Rxe4 26. Qxe4 Qg5 27. Re3
Nf6 28. Qf4 Qh5 29. Re7+ Rf7 30. Rfe1 Kf8 31. Rxf7+ Kxf7 32. g3 Qh3 33. Qe3 Ne4
34. Qxe4 Qxg3+ 35. Kf1 Qh3+ 36. Ke2 h5 37. Qe6+ Kg7 38. Qg6+ 1-0

[Event "CAN op"]
[Site "Calgary CAN"]
[Date "2023.07.23"]
[Round "2.22"]
[White "Alpuri, Aaqil"]
[Black "Campbell, Ryan"]
[Result "0-1"]
[WhiteElo "1704"]
[BlackElo "2228"]
[PlyCount "68"]
[EventDate "2023.07.22"]
[EventType "swiss"]
[EventRounds "10"]
[EventCountry "CAN"]

1. d4 d5 2. c4 e6 3. Nf3 Nf6 4. g3 Bb4+ 5. Bd2 Be7 6. Bg2 O-O 7. O-O Nbd7 8.
Bg5 c6 9. Nbd2 b6 10. Re1 h6 11. Bxf6 Nxf6 12. e4 dxc4 13. Nxc4 Bb7 14. Qc2 Rc8
15. Rad1 Qc7 16. b3 c5 17. Rc1 Rfd8 18. dxc5 Bxc5 19. Qb1 b5 20. Ncd2 Qb6 21.
Re2 a5 22. h3 Rc7 23. Ne5 Bxf2+ 24. Kh2 Nh5 25. Nf1 Bxg3+ 26. Nxg3 Nxg3 27.
Kxg3 Qd6 28. Rxc7 Qxe5+ 29. Kf2 Qxc7 30. Bf3 Qh2+ 31. Bg2 Qf4+ 32. Kg1 b4 33.
Qe1 Rc8 34. Rd2 Rc3 0-1

[Event "CAN op"]
[Site "Calgary CAN"]
[Date "2023.07.23"]
[Round "2.23"]
[White "Wang, Patrick"]
[Black "Mannion, Stephen"]
[Result "0-1"]
[WhiteElo "1622"]
[BlackElo "2203"]
[PlyCount "100"]
[EventDate "2023.07.22"]
[EventType "swiss"]
[EventRounds "10"]
[EventCountry "CAN"]

1. e4 e5 2. Nf3 Nc6 3. c3 Nf6 4. d4 Nxe4 5. Bd3 d5 6. dxe5 Bg4 7. Bb5 Bc5 8.
O-O O-O 9. Bxc6 bxc6 10. Qd3 f6 11. Be3 Bxe3 12. Qxe3 Re8 13. Nd4 fxe5 14. Nxc6
Qd6 15. f3 Nf6 16. Nb4 Bd7 17. Nd2 c5 18. Nd3 c4 19. Nf2 a5 20. b3 cxb3 21.
axb3 a4 22. bxa4 Rxa4 23. Rxa4 Bxa4 24. Ra1 Bc2 25. Qa7 Rc8 26. Qb7 Qc7 27.
Qxc7 Rxc7 28. Re1 Re7 29. c4 e4 30. fxe4 dxe4 31. Re3 Rd7 32. Ndxe4 Bxe4 33.
Nxe4 Rd1+ 34. Kf2 Ng4+ 35. Ke2 Nxe3 36. Kxe3 Kf7 37. c5 Ke6 38. Ng5+ Kf5 39.
Nxh7 Rd5 40. h4 Rxc5 41. Ng5 Kg4 42. Ne6 Rc3+ 43. Kf2 g6 44. Nf8 Rc6 45. Nd7
Kxh4 46. Ne5 Re6 47. g3+ Kh3 48. Nd3 g5 49. Kf1 Kxg3 50. Ne1 Rxe1+ 0-1

[Event "CAN op"]
[Site "Calgary CAN"]
[Date "2023.07.23"]
[Round "2.24"]
[White "Kostadinov, Georgi"]
[Black "Miller, Brian"]
[Result "1-0"]
[WhiteElo "2203"]
[BlackElo "1677"]
[PlyCount "81"]
[EventDate "2023.07.22"]
[EventType "swiss"]
[EventRounds "10"]
[EventCountry "CAN"]

1. c4 c5 2. Nc3 Nc6 3. g3 g6 4. Bg2 Bg7 5. e3 Nf6 6. Nge2 O-O 7. O-O d6 8. d3
e6 9. Nf4 Rb8 10. h4 h5 11. Rb1 Ne7 12. b4 cxb4 13. Rxb4 b6 14. Bd2 Bb7 15.
Bxb7 Rxb7 16. Qf3 Rd7 17. Rc1 d5 18. cxd5 Nexd5 19. Ncxd5 Nxd5 20. Nxd5 Rxd5
21. Rbc4 Rxd3 22. Bb4 Qd5 23. Qxd5 exd5 24. Rc7 Ra8 25. Rd7 a5 26. Bd6 Bf8 27.
Bxf8 Rxf8 28. Rc6 Ra3 29. Rxb6 Rxa2 30. Rxd5 Rc8 31. Rd7 a4 32. Rbb7 Rf8 33.
Ra7 a3 34. Kg2 Kg7 35. Kf3 Kf6 36. e4 Ke6 37. Re7+ Kf6 38. e5+ Kf5 39. Ra6 f6
40. exf6 Rxf6 41. Ra5# 1-0

[Event "CAN op"]
[Site "Calgary CAN"]
[Date "2023.07.23"]
[Round "2.25"]
[White "Sazon, Omar"]
[Black "Haessel, Dale"]
[Result "0-1"]
[WhiteElo "1642"]
[BlackElo "2201"]
[PlyCount "52"]
[EventDate "2023.07.22"]
[EventType "swiss"]
[EventRounds "10"]
[EventCountry "CAN"]

1. Nf3 d5 2. g3 c5 3. Bg2 Nf6 4. O-O g6 5. c4 Bg7 6. Qa4+ Qd7 7. Qb3 Nc6 8.
cxd5 Nxd5 9. Ng5 e6 10. Nc3 Nde7 11. Nf3 b6 12. Rd1 Bb7 13. d4 cxd4 14. Bf4 O-O
15. Qa4 Rad8 16. Rac1 e5 17. Bg5 f6 18. Qc4+ Kh8 19. Bh4 Qf5 20. g4 Qxg4 21.
Bg3 Bh6 22. Rb1 Qf5 23. Nh4 Qc8 24. Nb5 a6 25. Na7 Nxa7 26. Qxc8 Bxc8 0-1

[Event "CAN op"]
[Site "Calgary CAN"]
[Date "2023.07.23"]
[Round "2.26"]
[White "Vasic, Maxim"]
[Black "Santelices, Philip"]
[Result "1-0"]
[WhiteElo "2200"]
[BlackElo "1622"]
[PlyCount "67"]
[EventDate "2023.07.22"]
[EventType "swiss"]
[EventRounds "10"]
[EventCountry "CAN"]

1. c4 e6 2. d4 c5 3. d5 exd5 4. cxd5 d6 5. Nc3 g6 6. Nf3 Bg7 7. Bf4 Nf6 8. h3
O-O 9. e3 a6 10. a4 Nh5 11. Bh2 f5 12. Be2 Qe7 13. O-O Nd7 14. Nd2 Nhf6 15. Nc4
Ne8 16. Ra3 g5 17. Bh5 Ne5 18. Nb6 Rb8 19. f4 Ng6 20. Re1 Nf6 21. Bxg6 hxg6 22.
fxg5 Ne4 23. Rb3 Nxg5 24. Nc4 Nf7 25. Rb6 Rd8 26. e4 Bxc3 27. bxc3 fxe4 28. Qb1
Qg5 29. Qxe4 Bxh3 30. Nxd6 Nxd6 31. Bxd6 Re8 32. Qxe8+ Rxe8 33. Rxe8+ Kf7 34.
Rf8+ 1-0

[Event "CAN op"]
[Site "Calgary CAN"]
[Date "2023.07.23"]
[Round "2.27"]
[White "Yam, Alex"]
[Black "Murali, Dhruv"]
[Result "1/2-1/2"]
[WhiteElo "2362"]
[BlackElo "1560"]
[PlyCount "63"]
[EventDate "2023.07.22"]
[EventType "swiss"]
[EventRounds "10"]
[EventCountry "CAN"]

1. Nf3 g6 2. e4 Bg7 3. d4 d6 4. Nc3 a6 5. Be3 b5 6. a4 b4 7. Nd5 a5 8. Bd3 Bb7
9. c4 Nd7 10. O-O c5 11. Re1 Rc8 12. e5 dxe5 13. dxe5 Nxe5 14. Nxe5 Bxe5 15.
Bxc5 Bxh2+ 16. Kxh2 Rxc5 17. Kg1 Bxd5 18. cxd5 Rxd5 19. Bb5+ Kf8 20. Qb3 e6 21.
Bc4 Rd6 22. Rad1 Kg7 23. Bxe6 fxe6 24. Rxd6 Qxd6 25. Rxe6 Qd8 26. Qe3 Nf6 27.
Qa7+ Kg8 28. Re7 Qd1+ 29. Kh2 Qh5+ 30. Kg1 Qd1+ 31. Kh2 Qh5+ 32. Kg1 1/2-1/2

[Event "CAN op"]
[Site "Calgary CAN"]
[Date "2023.07.23"]
[Round "2.28"]
[White "Sasata, Robert"]
[Black "Bince, Rolando"]
[Result "1/2-1/2"]
[WhiteElo "2306"]
[BlackElo "1881"]
[PlyCount "94"]
[EventDate "2023.07.22"]
[EventType "swiss"]
[EventRounds "10"]
[EventCountry "CAN"]

1. d4 d5 2. c4 c6 3. Nc3 dxc4 4. e3 b5 5. a4 b4 6. Ne4 Nf6 7. Nxf6+ exf6 8.
Bxc4 a5 9. Ne2 Bd6 10. O-O O-O 11. e4 Ba6 12. Qc2 Qe7 13. Bxa6 Rxa6 14. Ng3 g6
15. f4 Bc7 16. Be3 Re8 17. Rac1 Bb6 18. Rfe1 Ra7 19. Qf2 Rd7 20. Rc4 Ba7 21. e5
f5 22. Ne2 Qe6 23. Rec1 Red8 24. h3 Rd5 25. Qf3 h5 26. Bf2 c5 27. dxc5 Nc6 28.
Bh4 R8d7 29. Bf6 Rd3 30. Qf2 Qd5 31. Kh2 Rd2 32. Qe3 Qd3 33. Qxd3 R7xd3 34. Ng1
Kf8 35. R1c2 Ke8 36. Nf3 Rxc2 37. Rxc2 Rd5 38. Kg3 Bxc5 39. Rd2 Rxd2 40. Nxd2
Kd7 41. Nb3 Bb6 42. Kf3 Ke6 43. Ke2 Nd4+ 44. Nxd4+ Bxd4 45. b3 Bb6 46. Kd3 Kd5
47. Bh4 Bc7 1/2-1/2

[Event "CAN op"]
[Site "Calgary CAN"]
[Date "2023.07.23"]
[Round "2.29"]
[White "Ratte, Cameron"]
[Black "Gao, Raymond"]
[Result "0-1"]
[WhiteElo "1838"]
[BlackElo "2222"]
[PlyCount "54"]
[EventDate "2023.07.22"]
[EventType "swiss"]
[EventRounds "10"]
[EventCountry "CAN"]

1. e4 c5 2. Nc3 d6 3. f4 g6 4. Nf3 Bg7 5. Bc4 Nf6 6. O-O O-O 7. d3 a6 8. Qe1 b5
9. Bb3 Nc6 10. f5 b4 11. Nd5 e6 12. Nxf6+ Bxf6 13. Qg3 Re8 14. Ng5 Kg7 15. Be3
Ra7 16. Rf2 exf5 17. Raf1 Nd4 18. Bc4 h6 19. Nxf7 Rxf7 20. Bxf7 Kxf7 21. Qh3 h5
22. c3 bxc3 23. bxc3 f4 24. Rxf4 Bxh3 25. Rxf6+ Qxf6 26. Rxf6+ Kxf6 27. cxd4
Be6 0-1

[Event "CAN op"]
[Site "Calgary CAN"]
[Date "2023.07.23"]
[Round "2.30"]
[White "Yang, Ryan"]
[Black "Sembrano, Joshua"]
[Result "1/2-1/2"]
[WhiteElo "2217"]
[BlackElo "1825"]
[PlyCount "80"]
[EventDate "2023.07.22"]
[EventType "swiss"]
[EventRounds "10"]
[EventCountry "CAN"]

1. e4 d6 2. Nc3 e5 3. g3 c6 4. Bg2 Be7 5. Nge2 Nf6 6. d4 Nbd7 7. h3 Qc7 8. a4
h6 9. Be3 O-O 10. Qd2 exd4 11. Nxd4 Ne5 12. b3 Rd8 13. O-O a6 14. f4 Ng6 15.
Kh2 Rb8 16. a5 c5 17. Nde2 Bd7 18. g4 Be6 19. Nd5 Bxd5 20. exd5 Re8 21. Ng3 Bf8
22. Rae1 b5 23. axb6 Qxb6 24. Qf2 Ne7 25. Rd1 Kh8 26. g5 Nfg8 27. gxh6 Nxh6 28.
f5 Neg8 29. Bc1 Qd8 30. Qf4 Rb4 31. Qf3 Qf6 32. Bd2 Rb7 33. Bc3 Qh4 34. Kg1
Rbe7 35. Rd3 Nf6 36. Ra1 Ne4 37. Nxe4 Rxe4 38. f6 g6 39. Qg3 Qxg3 40. Rxg3 Re2
1/2-1/2

[Event "CAN op"]
[Site "Calgary CAN"]
[Date "2023.07.23"]
[Round "2.31"]
[White "Tolentino, Patrick Angelo"]
[Black "Offengenden, Ron"]
[Result "1-0"]
[WhiteElo "2201"]
[BlackElo "1812"]
[PlyCount "91"]
[EventDate "2023.07.22"]
[EventType "swiss"]
[EventRounds "10"]
[EventCountry "CAN"]

1. d4 d5 2. c4 e6 3. Nf3 Nf6 4. Nc3 Be7 5. Bf4 c6 6. e3 O-O 7. h3 Ne4 8. Bd3 f5
9. O-O Nd7 10. Bh2 Ndf6 11. Qc2 Bd6 12. Bxd6 Nxd6 13. c5 Nf7 14. b4 g5 15. Ne5
Nxe5 16. dxe5 Nd7 17. f4 gxf4 18. exf4 Qh4 19. Ne2 Rf7 20. Kh2 Nf8 21. g3 Qd8
22. Nd4 Bd7 23. a4 b6 24. Rfc1 a6 25. cxb6 Qxb6 26. Qc5 Qb7 27. Rab1 Rc8 28.
Qd6 Be8 29. Nxe6 Nxe6 30. Qxe6 Qa7 31. Rc2 Bd7 32. Qd6 Qe3 33. Bf1 Rg7 34. Rg2
Re8 35. Qc5 Qe4 36. Qc2 Rb8 37. Bxa6 Rxb4 38. Bd3 Qd4 39. Bxf5 Bxf5 40. Qxf5
Rxb1 41. Qxb1 Qxa4 42. Qb8+ Kf7 43. f5 Qe4 44. Qc7+ Kf8 45. Qd8+ Kf7 46. e6+
1-0

[Event "CAN op"]
[Site "Calgary CAN"]
[Date "2023.07.23"]
[Round "2.32"]
[White "McCoshen, Ricky"]
[Black "Srinivasan, Hemant"]
[Result "1-0"]
[WhiteElo "1717"]
[BlackElo "2200"]
[PlyCount "73"]
[EventDate "2023.07.22"]
[EventType "swiss"]
[EventRounds "10"]
[EventCountry "CAN"]

1. d4 d5 2. c4 e6 3. Nc3 Nf6 4. Bg5 Be7 5. e3 O-O 6. Nf3 h6 7. Bxf6 Bxf6 8. Rc1
b6 9. cxd5 exd5 10. Bd3 Bb7 11. b4 c6 12. O-O a5 13. b5 c5 14. dxc5 bxc5 15.
Na4 c4 16. Bf5 g6 17. Bh3 Re8 18. Qd2 Qc7 19. Rfd1 Bg7 20. Nd4 f5 21. g4 fxg4
22. Bxg4 Qd6 23. f3 h5 24. Bh3 Bh6 25. Re1 Qe7 26. Rc3 Qh4 27. Be6+ Kh7 28. Nb6
Ra7 29. Qf2 Qf6 30. Qg3 Bg5 31. Kh1 Bh4 32. Qc7+ Re7 33. Qxb8 Bxe1 34. Rc2 Rxe6
35. Nxe6 Qxf3+ 36. Rg2 d4 37. Qc7+ 1-0

[Event "CAN op"]
[Site "Calgary CAN"]
[Date "2023.07.23"]
[Round "2.33"]
[White "Lu, Aiden"]
[Black "Sharma, Vishruth"]
[Result "0-1"]
[WhiteElo "1561"]
[BlackElo "2198"]
[PlyCount "112"]
[EventDate "2023.07.22"]
[EventType "swiss"]
[EventRounds "10"]
[EventCountry "CAN"]

1. e4 e5 2. Nf3 Nc6 3. Bc4 Nf6 4. d3 h6 5. c3 d6 6. Be3 g5 7. h3 Bg7 8. Nbd2
O-O 9. Qc2 d5 10. exd5 Nxd5 11. O-O-O Bf5 12. Rde1 Na5 13. Bc5 Re8 14. g3 Nb6
15. Bxb6 axb6 16. a3 Nxc4 17. Nxc4 Bxd3 18. Qb3 Qd5 19. Nfd2 f5 20. Ne3 Qxb3
21. Nxb3 Rad8 22. Rd1 f4 23. gxf4 exf4 24. Ng4 h5 25. Nh2 Bf5 26. Rhg1 Bh6 27.
Nf3 Bxh3 28. Rxd8 Rxd8 29. Nxg5 f3 30. Nd2 Bg4 31. Ngxf3 Kh7 32. Kc2 Rf8 33.
Nh4 Rxf2 34. Rg2 Rxd2+ 35. Rxd2 Bxd2 36. Kxd2 Kh6 37. Ke3 Kg5 38. Ng2 h4 39.
Ne1 h3 40. Kf2 Kf4 41. Nd3+ Ke4 42. Ne1 b5 43. Kg3 Bf5 44. Nc2 Kd3 45. Nd4 Bd7
46. Kf3 c5 47. Nb3 b6 48. Na1 Be6 49. Kf2 Kd2 50. b4 Kxc3 51. bxc5 bxc5 52. a4
bxa4 53. Kg3 Kb2 54. Nb3 axb3 55. Kf2 Kc3 56. Ke2 b2 0-1

[Event "CAN op"]
[Site "Calgary CAN"]
[Date "2023.07.23"]
[Round "2.34"]
[White "He, Matthew"]
[Black "Yin, Zeming"]
[Result "1-0"]
[WhiteElo "2140"]
[BlackElo "1748"]
[PlyCount "119"]
[EventDate "2023.07.22"]
[EventType "swiss"]
[EventRounds "10"]
[EventCountry "CAN"]

1. d4 Nf6 2. c4 g6 3. Nc3 d5 4. cxd5 Nxd5 5. Bd2 Bg7 6. e4 Nxc3 7. Bxc3 c5 8.
d5 Bxc3+ 9. bxc3 Qa5 10. Qd2 O-O 11. Nf3 Bg4 12. Ne5 Bc8 13. h4 f6 14. Nc4 Qc7
15. h5 g5 16. e5 b5 17. d6 exd6 18. Qd5+ Qf7 19. Qxa8 fxe5 20. f3 Bb7 21. Nxd6
Bxa8 22. Nxf7 Kxf7 23. Bxb5 Nc6 24. O-O-O Ke6 25. Rd2 Ne7 26. Rhd1 Nf5 27. Bd7+
Kf6 28. Bxf5 Kxf5 29. Rd7 Kf4 30. Rxa7 Kg3 31. Rd2 e4 32. Rxh7 exf3 33. gxf3
Kxf3 34. Rg7 g4 35. h6 Be4 36. Kd1 Rh8 37. Rd6 Rb8 38. Ke1 Rb1+ 39. Rd1 Rb8 40.
h7 Rh8 41. Rdd7 Rb8 42. Rg8 Rb1+ 43. Rd1 Rxd1+ 44. Kxd1 Bxh7 45. Rf8+ Kg2 46.
Ke2 c4 47. a4 Be4 48. a5 g3 49. a6 Kh1 50. a7 g2 51. Rh8+ Kg1 52. a8=Q Bxa8 53.
Rxa8 Kh2 54. Rh8+ Kg1 55. Ke3 Kf1 56. Rg8 g1=Q+ 57. Rxg1+ Kxg1 58. Kd4 Kf2 59.
Kxc4 Ke3 60. Kd5 1-0